[Event "BL 8182 Bochum-Bayern"]
[Site "?"]
[Date "1982.??.??"]
[Round "?.5"]
[White "Bischoff, K."]
[Black "Wittmann, R."]
[Result "1-0"]
[WhiteElo "2365"]
[BlackElo "2325"]
[PlyCount "63"]
[EventDate "1982.??.??"]

1. c4 g6 2. Nc3 Bg7 3. g3 Nf6 4. Bg2 d6 5. d3 c5 6. Rb1 Nc6 7. a3 a5 8. Bd2 O-O
9. Nh3 e5 10. O-O h6 11. f4 Be6 12. Nd5 Nxd5 13. cxd5 Bxh3 14. Bxh3 Ne7 15. e4
Kh7 16. f5 Ng8 17. fxg6+ fxg6 18. Qb3 Qc7 19. Qb5 Nf6 20. Be6 h5 21. Rf3 Ng4
22. Rbf1 Rxf3 23. Rxf3 Nf6 24. Rf1 Kh8 25. Kg2 Kh7 26. h3 b6 27. Qc6 Qd8 28.
Bg5 b5 29. Bxf6 Bxf6 30. Rxf6 Qxf6 31. Qxa8 Qg5 32. Qf8 1-0

[Event "BL 8182 Bochum-Bayern"]
[Site "?"]
[Date "1982.??.??"]
[Round "?.6"]
[White "Bachmann, K."]
[Black "Schubert, C."]
[Result "1-0"]
[WhiteElo "2295"]
[BlackElo "2270"]
[PlyCount "69"]
[EventDate "1982.??.??"]

1. c4 c5 2. Nc3 Nf6 3. g3 g6 4. Bg2 Bg7 5. a3 O-O 6. b4 d6 7. Rb1 Nc6 8. bxc5
dxc5 9. d3 Qd7 10. Nf3 Ne8 11. Bb2 b6 12. Nd5 Bxb2 13. Rxb2 e6 14. Nc3 Bb7 15.
O-O Rd8 16. Qd2 Nd6 17. Qf4 f6 18. Rfb1 Qe7 19. Qc1 Nf5 20. Ne4 Nfd4 21. Ne1
Na5 22. e3 Ndc6 23. f4 e5 24. Nc3 exf4 25. gxf4 Qd7 26. Nd5 Ne7 27. e4 Nac6 28.
Nf3 Nxd5 29. cxd5 Nd4 30. Nxd4 cxd4 31. Qc4 Qd6 32. Rf2 Qxa3 33. Qxd4 Rd7 34.
Ra1 Qb3 35. Rb2 1-0

[Event "BL 8182 Zähringen-FH Hamburg"]
[Site "?"]
[Date "1982.??.??"]
[Round "?.1"]
[White "Wockenfuss, K."]
[Black "Siegel, G."]
[Result "1-0"]
[WhiteElo "2380"]
[BlackElo "2300"]
[PlyCount "49"]
[EventDate "1982.??.??"]

1. d4 Nf6 2. Nc3 d5 3. Bg5 c5 4. Bxf6 gxf6 5. e4 dxe4 6. dxc5 Qa5 7. Qh5 f5 8.
O-O-O Bg7 9. Bb5+ Nc6 10. Nge2 O-O 11. g4 f4 12. Bxc6 bxc6 13. Nd4 Qc7 14. Nxe4
Rb8 15. c3 f3 16. Qg5 f6 17. Qe3 Bxg4 18. Rhg1 f5 19. h3 e5 20. Ne6 Qb7 21. Qd2
fxe4 22. Rxg4 e3 23. fxe3 Rf7 24. Nd8 Rd7 25. Rxg7+ 1-0

[Event "BL 8182 Zähringen-FH Hamburg"]
[Site "?"]
[Date "1982.??.??"]
[Round "?.2"]
[White "Vatter, H."]
[Black "Fries Nielsen, J."]
[Result "0-1"]
[WhiteElo "2230"]
[BlackElo "2350"]
[PlyCount "101"]
[EventDate "1982.??.??"]

1. e4 e5 2. Nf3 d6 3. d4 exd4 4. Nxd4 Nf6 5. Nc3 g6 6. g3 Bg7 7. Bg2 O-O 8. O-O
Nbd7 9. h3 Re8 10. Nb3 Rb8 11. Be3 b6 12. Qd2 Ne5 13. Qe2 Bb7 14. f4 Ned7 15.
Nd2 Nc5 16. Bxc5 bxc5 17. Rae1 Qc8 18. Nd1 Nxe4 19. Nxe4 Bxe4 20. Bxe4 d5 21.
Qg4 dxe4 22. Qxc8 Rbxc8 23. f5 Rcd8 24. c3 Bh6 25. Rf2 Rd3 26. fxg6 hxg6 27.
Rg2 Red8 28. Nf2 Be3 29. Kf1 Bxf2 30. Rxf2 f5 31. g4 Rd2 32. Ree2 Rd1+ 33. Kg2
Rf8 34. h4 Rd3 35. h5 e3 36. Rf3 f4 37. Rh3 g5 38. h6 Kh7 39. Kf3 Kg6 40. h7
Rh8 41. Reh2 e2+ 42. Kxe2 Rxh3 43. Rxh3 Rxh7 44. Rd3 Rh2+ 45. Kf1 Rh4 46. Rd5
Rxg4 47. Rxc5 Rh4 48. Rxc7 Rh2 49. Rb7 g4 50. c4 g3 51. Rb8 0-1

[Event "BL 8182 Zähringen-FH Hamburg"]
[Site "?"]
[Date "1982.??.??"]
[Round "?.3"]
[White "Cording, H."]
[Black "Schuh, H."]
[Result "1-0"]
[WhiteElo "2320"]
[BlackElo "2275"]
[PlyCount "49"]
[EventDate "1982.??.??"]

1. d4 Nf6 2. c4 c5 3. d5 Ne4 4. Qc2 Qa5+ 5. Nc3 f5 6. f3 Nd6 7. e4 fxe4 8. fxe4
g6 9. Bd3 Bg7 10. Nf3 b5 11. e5 Nf7 12. O-O Nxe5 13. Nxe5 Bxe5 14. Nxb5 Ba6 15.
Bd2 Qb6 16. Bc3 d6 17. Bxe5 dxe5 18. a4 Bxb5 19. axb5 a5 20. Be2 Nd7 21. Bg4
Nf6 22. Be6 Rf8 23. Qc3 Qc7 24. Rae1 e4 25. Rxe4 1-0

[Event "BL 8182 Zähringen-FH Hamburg"]
[Site "?"]
[Date "1982.??.??"]
[Round "?.4"]
[White "Raupp, T."]
[Black "Kordsachia, T."]
[Result "1-0"]
[WhiteElo "2230"]
[BlackElo "2350"]
[PlyCount "77"]
[EventDate "1982.??.??"]

1. c4 Nf6 2. Nc3 e5 3. Nf3 Nc6 4. g3 d6 5. d4 Bg4 6. d5 Nb8 7. Bg2 Qc8 8. O-O
Be7 9. Ne1 a5 10. f3 Bd7 11. e4 Na6 12. Nd3 Nb4 13. Nf2 c6 14. Be3 cxd5 15.
cxd5 O-O 16. Qe2 a4 17. Rfc1 Qd8 18. Bf1 Qa5 19. a3 Na6 20. Nd3 Bd8 21. Qf2 b6
22. Na2 Nc5 23. Rc3 Ne8 24. Nab4 f5 25. exf5 Nf6 26. Rd1 Rc8 27. g4 e4 28. Nf4
exf3 29. Qxf3 Nfe4 30. Rc4 Ng5 31. Qg2 Bb5 32. Rc2 Bxf1 33. Rxf1 Nf7 34. Ne6
Re8 35. Nc6 Qa6 36. Bd4 Bf6 37. Bxf6 gxf6 38. g5 fxg5 39. Nxg5 {ZÜ} 1-0

[Event "BL 8182 Sindelfingen-Delmenhorst"]
[Site "?"]
[Date "1982.??.??"]
[Round "?.1"]
[White "Juhnke, K."]
[Black "Darga, K."]
[Result "1/2-1/2"]
[WhiteElo "2320"]
[BlackElo "2495"]
[PlyCount "123"]
[EventDate "1982.??.??"]

1. d4 Nf6 2. c4 e6 3. Nc3 Bb4 4. e3 c5 5. Bd3 b6 6. Nf3 Bb7 7. O-O O-O 8. Na4
cxd4 9. exd4 Re8 10. Bg5 Be7 11. Re1 d6 12. h3 Nbd7 13. Bf4 Nf8 14. Rc1 Rc8 15.
a3 Ng6 16. Bh2 Nh5 17. Nc3 Nhf4 18. Bf1 d5 19. g3 Nh5 20. cxd5 exd5 21. Bb5 Rf8
22. Ne5 Nxe5 23. Rxe5 Nf6 24. Bd3 Bd6 25. Re1 Re8 26. f3 Rxe1+ 27. Qxe1 a6 28.
g4 b5 29. Qh4 Bxh2+ 30. Kxh2 g6 31. Re1 Kg7 32. Qg3 Qc7 33. Re5 Nd7 34. Re7 Kf8
35. Qxc7 Rxc7 36. Re2 Nb6 37. Kg3 Nc4 38. Bxc4 dxc4 39. Kf4 h6 40. h4 Re7 41.
Rxe7 Kxe7 42. d5 Kd6 43. Ke4 f5+ 44. gxf5 gxf5+ 45. Kxf5 Bxd5 46. f4 Bf7 47.
Kf6 Be8 48. f5 a5 49. Kg7 b4 50. axb4 axb4 51. Na2 b3 52. Nc3 Ke5 53. f6 Kf5
54. Nb1 Ke4 55. Nc3+ Kf5 56. Nb5 Kg4 57. Nd6 c3 58. Nxe8 cxb2 59. f7 b1=Q 60.
Nf6+ Kxh4 61. f8=Q Qg1+ 62. Kf7 1/2-1/2

[Event "BL 8182 FH Hamburg-Sindelfingen"]
[Site "?"]
[Date "1982.??.??"]
[Round "?.1"]
[White "Darga, K."]
[Black "Wockenfuss, K."]
[Result "1/2-1/2"]
[WhiteElo "2495"]
[BlackElo "2380"]
[PlyCount "31"]
[EventDate "1982.??.??"]

1. e4 d6 2. d4 Nf6 3. Nc3 g6 4. Nf3 Bg7 5. Be2 O-O 6. O-O c6 7. a4 Qc7 8. Re1
e5 9. dxe5 dxe5 10. Bc4 Nbd7 11. Bg5 h6 12. Be3 Ng4 13. Bc1 Nc5 14. Qe2 Ne6 15.
h3 Nf6 16. Be3 1/2-1/2

[Event "BL 8182 Delmenhorst-Zähringen"]
[Site "?"]
[Date "1982.??.??"]
[Round "?.1"]
[White "Siegel, G."]
[Black "Juhnke, K."]
[Result "0-1"]
[WhiteElo "2300"]
[BlackElo "2320"]
[PlyCount "98"]
[EventDate "1982.??.??"]

1. Nf3 g6 2. g3 Bg7 3. Bg2 c5 4. O-O Nc6 5. d3 e6 6. Nc3 d5 7. e4 d4 8. Ne2
Nge7 9. c3 O-O 10. cxd4 cxd4 11. Bd2 a5 12. a3 a4 13. Ne1 Qb6 14. Nc2 Na5 15.
Rb1 Nb3 16. Bb4 Re8 17. f4 Bd7 18. Be1 f5 19. Bf2 Bb5 20. e5 Red8 21. Nc1 Nxc1
22. Rxc1 Nc6 23. Be1 Bf8 24. Rf2 Qa6 25. Bf1 Na5 26. Nb4 Qb6 27. g4 Nb3 28.
Rcc2 fxg4 29. Qxg4 Rd7 30. f5 exf5 31. Rxf5 Bg7 32. Rf4 Re8 33. Re4 Nc5 34. e6
Rd6 35. Rxc5 Qxc5 36. Bg3 Rdd8 37. Bh4 Rc8 38. Bh3 Qd6 39. e7 Rc1+ 40. Kg2 Qc7
41. Qe6+ Kh8 42. Re2 Qf4 43. Qg4 Qf1+ 44. Kg3 Qg1+ 45. Bg2 Re1 46. Kh3 Rxe2 47.
Qxe2 Bd7+ 48. Kg3 Qc1 49. Kf3 Qh6 {ZÜ} 0-1

[Event "BL 8182 Delmenhorst-Zähringen"]
[Site "?"]
[Date "1982.??.??"]
[Round "?.2"]
[White "Hermann, Man"]
[Black "Herbrechtsmeier, C."]
[Result "1/2-1/2"]
[WhiteElo "2380"]
[BlackElo "2330"]
[PlyCount "80"]
[EventDate "1982.??.??"]

1. e4 e6 2. d4 d5 3. Nc3 Bb4 4. Nge2 dxe4 5. a3 Bxc3+ 6. Nxc3 Nc6 7. Bb5 Nge7
8. Bg5 f6 9. Be3 a6 10. Bxc6+ Nxc6 11. Qh5+ g6 12. Qh6 Qe7 13. Nxe4 Bd7 14. Qf4
f5 15. Nc5 O-O-O 16. O-O-O h6 17. h4 e5 18. dxe5 Qxe5 19. Qc4 Rh7 20. Bf4 Qf6
21. Nxa6 Be6 22. Qa4 Rd4 23. Qxd4 Qxd4 24. Rxd4 Nxd4 25. Be5 Nb3+ 26. cxb3 bxa6
27. b4 Bd5 28. Bf4 Re7 29. Kd2 Re4 30. Bxh6 Rg4 31. Ke3 Bxg2 32. Rg1 Re4+ 33.
Kd3 Rg4 34. Kd2 Bf3 35. Rxg4 Bxg4 36. Ke3 Kd7 37. Kd4 Kc6 38. a4 Bd1 39. Ke5
Kb7 40. Be3 c6 1/2-1/2

[Event "BL 8182 Delmenhorst-Zähringen"]
[Site "?"]
[Date "1982.??.??"]
[Round "?.3"]
[White "Vatter, H."]
[Black "Meyer, CD."]
[Result "1/2-1/2"]
[WhiteElo "2230"]
[BlackElo "2285"]
[PlyCount "96"]
[EventDate "1982.??.??"]

1. d4 Nf6 2. Nc3 d5 3. Bg5 c5 4. Bxf6 gxf6 5. e3 cxd4 6. exd4 h5 7. Qf3 Be6 8.
Bb5+ Nc6 9. Nge2 Qd6 10. O-O-O O-O-O 11. h3 h4 12. Kb1 Bh6 13. g4 hxg3 14. fxg3
Kb8 15. g4 a6 16. Bxc6 Qxc6 17. Nf4 Ka7 18. Nxe6 fxe6 19. h4 Rhg8 20. Rh2 Qd6
21. Rf2 Rg6 22. Ne2 Rdg8 23. Rg2 Ka8 24. Rd3 Rd8 25. Rb3 e5 26. Qf5 Rdg8 27.
dxe5 fxe5 28. g5 Rf8 29. Qh3 Bg7 30. Rf2 Rxf2 31. Nc1 Qe6 32. Qc3 e4 33. Qc7
Qc6 34. Qd8+ Ka7 35. c3 d4 36. Qxe7 d3 37. Nxd3 Rf1+ 38. Nc1 Rd6 39. Rxb7+ Qxb7
40. Qxd6 Bxc3 41. Qc5+ Qb6 42. Qxc3 e3 43. Qg7+ Ka8 44. Qg8+ Ka7 45. Qg7+ Ka8
46. Qg8+ Ka7 47. Qg7+ Ka8 48. Qg8+ Ka7 1/2-1/2

[Event "BL 8182 Delmenhorst-Zähringen"]
[Site "?"]
[Date "1982.??.??"]
[Round "?.5"]
[White "Raupp, T."]
[Black "Dornieden, M."]
[Result "1/2-1/2"]
[WhiteElo "2230"]
[BlackElo "2325"]
[PlyCount "58"]
[EventDate "1982.??.??"]

1. c4 g6 2. g3 Bg7 3. Bg2 e5 4. Nc3 Ne7 5. e3 O-O 6. Nge2 d6 7. O-O Nbc6 8. d3
Be6 9. Nd5 f5 10. Rb1 Bf7 11. Nec3 Nxd5 12. Nxd5 Rb8 13. b4 a6 14. f4 Ne7 15.
e4 Nxd5 16. cxd5 c6 17. dxc6 bxc6 18. Qc2 Qb6+ 19. Kh1 fxe4 20. dxe4 d5 21.
fxe5 Bxe5 22. Bh6 Bg7 23. Bxg7 Kxg7 24. exd5 Bxd5 25. Qc3+ Kg8 26. Bxd5+ cxd5
27. Qe5 Qb5 28. Qe6+ Kh8 29. Qe5+ Kg8 1/2-1/2

[Event "BL 8182 Erlangen-Düsseldorf"]
[Site "?"]
[Date "1982.??.??"]
[Round "?.1"]
[White "Backwinkel, P."]
[Black "Feustel, B."]
[Result "0-1"]
[WhiteElo "2275"]
[BlackElo "2375"]
[PlyCount "74"]
[EventDate "1982.??.??"]

1. c4 c5 2. g3 g6 3. Bg2 Bg7 4. Nc3 Nc6 5. Nf3 e5 6. O-O Nge7 7. d3 O-O 8. a3
d6 9. Rb1 a5 10. Bd2 h6 11. Ne1 Be6 12. Nd5 f5 13. Nc2 Ra7 14. b4 b6 15. Nxe7+
Nxe7 16. bxa5 bxa5 17. Ne3 f4 18. Nd5 g5 19. Qb3 Nf5 20. Qb6 Qxb6 21. Rxb6 Nd4
22. Nc3 Rd7 23. e3 f3 24. exd4 exd4 25. Ne4 fxg2 26. Kxg2 Bg4 27. f3 Rdf7 28.
Nxd6 Rxf3 29. Rxf3 Rxf3 30. Bxa5 Rxd3 31. h3 Bf3+ 32. Kf2 Rxa3 33. Rb8+ Kh7 34.
Bb6 g4 35. hxg4 Bxg4 36. Bxc5 Ra2+ 37. Ke1 d3 0-1

[Event "BL 8182 Erlangen-Düsseldorf"]
[Site "?"]
[Date "1982.??.??"]
[Round "?.2"]
[White "Heidrich, M."]
[Black "Vetter, H."]
[Result "0-1"]
[WhiteElo "2225"]
[BlackElo "2250"]
[PlyCount "80"]
[EventDate "1982.??.??"]

1. e4 c5 2. Nf3 e6 3. c3 Nf6 4. e5 Nd5 5. d4 cxd4 6. cxd4 b6 7. Nc3 Nxc3 8.
bxc3 Bb7 9. Be2 Be7 10. O-O O-O 11. c4 d6 12. exd6 Bxd6 13. Bb2 Nd7 14. Re1 Qc7
15. h3 Bb4 16. Rf1 Rac8 17. Rc1 Be7 18. Qb3 Rfd8 19. Rfe1 Qf4 20. Qe3 Bd6 21.
Rcd1 Nf6 22. Qxf4 Bxf4 23. g3 Bd6 24. Rc1 Ne4 25. Red1 Be7 26. Kf1 Bf6 27. Ke1
Bc6 28. Kf1 Rc7 29. Ne5 Ba4 30. Rd3 Bg5 31. f4 Be7 32. Kg2 f6 33. Nf3 Nd6 34.
Ba3 Kf7 35. Rdc3 Rdc8 36. Nd2 Nb5 37. Bxe7 Nxc3 38. Rxc3 Kxe7 39. Bf3 Rd8 40.
Ra3 Rxd4 0-1

[Event "BL 8182 Erlangen-Düsseldorf"]
[Site "?"]
[Date "1982.??.??"]
[Round "?.4"]
[White "Stoll, J."]
[Black "Schiffer, K."]
[Result "0-1"]
[WhiteElo "2225"]
[BlackElo "2365"]
[PlyCount "58"]
[EventDate "1982.??.??"]

1. d4 Nf6 2. c4 d6 3. Nc3 e5 4. Nf3 Qe7 5. d5 g6 6. g3 Bg7 7. Bg2 O-O 8. O-O a5
9. a3 Bd7 10. b3 Na6 11. Bd2 Nc5 12. b4 axb4 13. axb4 Nce4 14. Nxe4 Nxe4 15.
Be3 f5 16. Qc2 Rxa1 17. Rxa1 f4 18. gxf4 exf4 19. Bd4 Bxd4 20. Nxd4 Nxf2 21.
Ne6 Bxe6 22. dxe6 Qf6 23. Ra3 Ng4 24. Qd2 Qh4 25. e7 Qxe7 26. Bxb7 Qh4 27. Bd5+
Kg7 28. Qd4+ Rf6 29. Ra2 Qe1+ 0-1

[Event "BL 8182 Markth'feld-Porz"]
[Site "?"]
[Date "1982.??.??"]
[Round "?.2"]
[White "Bartsch, B."]
[Black "Schmidt, B."]
[Result "0-1"]
[WhiteElo "2265"]
[BlackElo "2360"]
[PlyCount "70"]
[EventDate "1982.??.??"]

1. e4 e6 2. Qe2 c5 3. g3 Nc6 4. Bg2 g6 5. c3 Bg7 6. f4 Nge7 7. Nf3 d5 8. d3 b6
9. f5 O-O 10. fxg6 fxg6 11. O-O d4 12. c4 e5 13. Bd2 a6 14. a4 Bd7 15. Na3 Na5
16. b4 Nb3 17. Ra2 Nxd2 18. Qxd2 Bxa4 19. b5 axb5 20. Nxb5 Bxb5 21. cxb5 h6 22.
Rfa1 Rxa2 23. Qxa2+ Kh7 24. Qe6 Rf6 25. Qb3 Rf8 26. Nd2 Nc8 27. Nc4 Nd6 28.
Nxd6 Qxd6 29. Ra7 Qf6 30. Qa2 Qg5 31. Rf7 Qe3+ 32. Kh1 Rxf7 33. Qxf7 Qxd3 34.
Qf1 Qe3 35. Qg1 c4 0-1

[Event "BL 8182 Markth'feld-Porz"]
[Site "?"]
[Date "1982.??.??"]
[Round "?.3"]
[White "Ostermeyer, P."]
[Black "Riefner, E."]
[Result "1-0"]
[WhiteElo "2415"]
[BlackElo "2245"]
[PlyCount "103"]
[EventDate "1982.??.??"]

1. d4 Nf6 2. c4 g6 3. Nc3 d5 4. Bg5 Ne4 5. Bh4 Nxc3 6. bxc3 dxc4 7. e4 Bg7 8.
Bxc4 c5 9. Ne2 cxd4 10. cxd4 Nc6 11. d5 Qa5+ 12. Kf1 Qb4 13. Rc1 Na5 14. Bd3
Bd7 15. f3 O-O 16. Rc7 Rfd8 17. Be1 Qa3 18. Qb1 Be5 19. Bb4 Qa4 20. Bc2 Nb3 21.
Rxd7 Rxd7 22. Qxb3 Qxb3 23. Bxb3 a5 24. Bd2 a4 25. Bc4 Rc7 26. Bd3 b5 27. Kf2
a3 28. f4 Bb2 29. Ke3 Rb8 30. Nd4 b4 31. Nb3 f6 32. h4 h5 33. Rg1 Kf7 34. g3
Bc3 35. Bxc3 Rxc3 36. e5 fxe5 37. fxe5 Kg7 38. g4 hxg4 39. Rxg4 Kf7 40. e6+ Kf6
41. Nd2 Rc1 42. Rxg6+ Ke5 43. Rg5+ Kd6 44. Bc4 Re1+ 45. Kd3 b3 46. Bxb3 Rh1 47.
h5 Rh3+ 48. Kd4 Rh4+ 49. Ne4+ Kc7 50. d6+ exd6 51. Rg7+ Kc8 52. Rg8+ 1-0

[Event "BL 8182 Markth'feld-Porz"]
[Site "?"]
[Date "1982.??.??"]
[Round "?.4"]
[White "Meinberger, L."]
[Black "Gerusel, M."]
[Result "1/2-1/2"]
[WhiteElo "2240"]
[BlackElo "2380"]
[PlyCount "48"]
[EventDate "1982.??.??"]

1. d4 Nf6 2. c4 e6 3. g3 c5 4. Nf3 cxd4 5. Nxd4 d5 6. Bg2 Bb4+ 7. Bd2 Bxd2+ 8.
Nxd2 O-O 9. O-O e5 10. Nc2 Nc6 11. cxd5 Nxd5 12. Nc4 Be6 13. N2e3 Nde7 14. b3
b5 15. Nb2 Qb6 16. Nd3 f5 17. Qd2 Rad8 18. Qb2 e4 19. Nf4 Bf7 20. h4 Nd4 21.
Rfd1 Rd6 22. Rd2 Rfd8 23. Rad1 g6 24. Nf1 Ne6 1/2-1/2

[Event "BL 8182 Markth'feld-Porz"]
[Site "?"]
[Date "1982.??.??"]
[Round "?.6"]
[White "Jahr, U."]
[Black "Staller, P."]
[Result "1/2-1/2"]
[WhiteElo "2215"]
[BlackElo "2360"]
[PlyCount "102"]
[EventDate "1982.??.??"]

1. e4 c6 2. d4 d5 3. e5 Bf5 4. h4 h6 5. g4 Bd7 6. h5 e6 7. f4 c5 8. c3 Qb6 9.
Nf3 Nc6 10. Rh2 Rc8 11. Be3 cxd4 12. cxd4 Na5 13. b3 Ne7 14. Nbd2 Bb5 15. Rc1
Rxc1 16. Qxc1 Bxf1 17. Kxf1 Nac6 18. a3 Kd7 19. b4 Qb5+ 20. Re2 f5 21. Nb3 b6
22. Qc2 Qc4 23. Qb1 fxg4 24. Nh4 Nd8 25. Kf2 Qc6 26. Kg3 Qb5 27. Rd2 Kc7 28.
Kxg4 Qd7 29. a4 Kb8 30. b5 Rg8 31. Ng6 Nf5 32. Bf2 Nb7 33. Rc2 Bb4 34. Qc1 Rc8
35. Rc6 Re8 36. Be1 Bxe1 37. Qxe1 Nd8 38. Rc2 Nf7 39. Rc3 Nh8 40. Nxh8 Rxh8 41.
a5 Rc8 42. Rxc8+ Qxc8 43. Qb4 Qc2 44. Qf8+ Qc8 45. Qf7 Qd8 46. a6 Qh4+ 47. Kf3
Qg3+ 48. Ke2 Qe3+ 49. Kf1 Qxf4+ 50. Ke1 Qe3+ 51. Kf1 Qf3+ 1/2-1/2

[Event "BL 8182 Markth'feld-Porz"]
[Site "?"]
[Date "1982.??.??"]
[Round "?.7"]
[White "Troeger, P."]
[Black "Oechslein, R."]
[Result "1/2-1/2"]
[WhiteElo "2325"]
[BlackElo "2205"]
[PlyCount "74"]
[EventDate "1982.??.??"]

1. d4 Nf6 2. Nf3 g6 3. Nbd2 c5 4. e3 Bg7 5. c3 O-O 6. dxc5 a5 7. Nc4 Na6 8. Nb6
Ra7 9. Na4 Qc7 10. Nd4 Qe5 11. f4 Qe4 12. Rg1 d6 13. Bd3 Bg4 14. Qc2 Qd5 15.
cxd6 exd6 16. h3 Bd7 17. Nb6 Qc5 18. Nxd7 Nxd7 19. Bd2 Nc7 20. Kf2 b5 21. a4
bxa4 22. Qxa4 Nb6 23. Qc2 Ncd5 24. Nb3 Qc7 25. Rxa5 Rxa5 26. Nxa5 Nxf4 27. exf4
Qc5+ 28. Be3 Qxa5 29. b4 Qa7 30. c4 Re8 31. Qd2 Bc3 32. Qxc3 Rxe3 33. c5 dxc5
34. bxc5 Nd5 35. Qc4 Rxd3 36. Qxd3 Qxc5+ 37. Kf3 Qxg1 1/2-1/2

[Event "BL 8182 Düsseldorf-Markth'feld"]
[Site "?"]
[Date "1982.??.??"]
[Round "?.1"]
[White "Goehring, K."]
[Black "Backwinkel, P."]
[Result "0-1"]
[WhiteElo "2320"]
[BlackElo "2275"]
[PlyCount "58"]
[EventDate "1982.??.??"]

1. d4 Nf6 2. c4 d6 3. Nf3 Nbd7 4. Nc3 e5 5. e4 g6 6. Be2 Bg7 7. O-O O-O 8. Re1
c6 9. Bf1 Ng4 10. dxe5 Ndxe5 11. h3 Nxf3+ 12. Qxf3 Ne5 13. Qg3 a5 14. f4 Nd7
15. Be3 a4 16. a3 Qe7 17. Rad1 Nc5 18. Bd4 Bxd4+ 19. Rxd4 Ra6 20. Red1 Rb6 21.
Qf2 Rb3 22. Qc2 Ne6 23. Rxd6 Nxf4 24. Qf2 Qg5 25. Kh2 Nh5 26. Nxa4 Bxh3 27. Nc3
Be6 28. R1d2 Nf6 29. Kg1 Rxc3 0-1

[Event "BL 8182 Düsseldorf-Markth'feld"]
[Site "?"]
[Date "1982.??.??"]
[Round "?.2"]
[White "Vetter, H."]
[Black "Bartsch, B."]
[Result "1/2-1/2"]
[WhiteElo "2250"]
[BlackElo "2265"]
[PlyCount "46"]
[EventDate "1982.??.??"]

1. e4 c5 2. Nf3 Nf6 3. e5 Nd5 4. c3 e6 5. d4 cxd4 6. cxd4 b6 7. a3 Be7 8. Bd3
Ba6 9. Be4 Nc6 10. Bxd5 exd5 11. Nc3 O-O 12. Nxd5 Re8 13. Qa4 Qc8 14. b4 Nxd4
15. Nxd4 Qc4 16. Be3 Qxd5 17. Qxa6 Qxg2 18. Ke2 Qe4 19. Nf3 Qc2+ 20. Nd2 Qf5
21. Nf3 Qc2+ 22. Kf1 Qf5 23. Ke2 Qc2+ 1/2-1/2

[Event "BL 8182 Düsseldorf-Markth'feld"]
[Site "?"]
[Date "1982.??.??"]
[Round "?.4"]
[White "Schiffer, K."]
[Black "Meinberger, L."]
[Result "1/2-1/2"]
[WhiteElo "2365"]
[BlackElo "2240"]
[PlyCount "44"]
[EventDate "1982.??.??"]

1. d4 Nf6 2. c4 e6 3. Nc3 Bb4 4. f3 d6 5. e4 Bxc3+ 6. bxc3 Nfd7 7. Be3 O-O 8.
Bd3 Nc6 9. f4 e5 10. fxe5 dxe5 11. Nf3 Qe7 12. O-O b6 13. Qa4 Bb7 14. Rab1 Nd8
15. Rfe1 Re8 16. Kh1 f6 17. c5 Kh8 18. d5 c6 19. d6 Qf8 20. Ba6 Bxa6 21. Qxa6
bxc5 22. Red1 Re6 1/2-1/2

[Event "BL 8182 Düsseldorf-Markth'feld"]
[Site "?"]
[Date "1982.??.??"]
[Round "?.5"]
[White "Jahr, U."]
[Black "Schlaugat, M."]
[Result "0-1"]
[WhiteElo "2215"]
[BlackElo "2250"]
[PlyCount "85"]
[EventDate "1982.??.??"]

1. e4 c6 2. d4 d5 3. e5 Bf5 4. h4 h6 5. g4 Bd7 6. h5 c5 7. c3 e6 8. f4 Nc6 9.
Nf3 Qb6 10. Kf2 O-O-O 11. Kg3 Nge7 12. a3 c4 13. Nbd2 Na5 14. b3 Nxb3 15. Nxb3
Ba4 16. Nfd2 Nc6 17. Rb1 cxb3 18. Bb2 Be7 19. Bd3 Kb8 20. Qe2 Rc8 21. Rhf1 Rhf8
22. Nf3 Na5 23. Nd2 Qc7 24. Rbd1 a6 25. Kh3 Bd7 26. Rc1 Qb6 27. c4 Nxc4 28.
Nxc4 dxc4 29. Bxc4 a5 30. Rc3 a4 31. Rfc1 Bc6 32. Qd3 Rcd8 33. Rd1 Rd7 34. Rcc1
Rc8 35. Qe3 Qd8 36. Qe2 Qf8 37. Ra1 Bd5 38. Bb5 Rdc7 39. Rdc1 Rc2 40. Qd3 Rxb2
41. Bxa4 Rf2 42. Rf1 Bc4 43. Qxc4 {ZÜ} 0-1

[Event "BL 8182 Porz-Erlangen"]
[Site "?"]
[Date "1982.??.??"]
[Round "?.1"]
[White "Feustel, B."]
[Black "Reefschlaeger, H."]
[Result "0-1"]
[WhiteElo "2375"]
[BlackElo "2410"]
[PlyCount "144"]
[EventDate "1982.??.??"]

1. Nf3 d5 2. c4 c6 3. b3 Nf6 4. g3 Bg4 5. Bb2 Nbd7 6. Bg2 e6 7. O-O Bd6 8. d3
O-O 9. Nbd2 Qe7 10. Qc2 a5 11. e4 dxe4 12. dxe4 Bxf3 13. Nxf3 e5 14. Rad1 Rfd8
15. Rd2 Ne8 16. Rfd1 f6 17. Bh3 Nc5 18. Ba3 Nxe4 19. Qxe4 Bxa3 20. Rd7 Rxd7 21.
Rxd7 Qf8 22. Be6+ Kh8 23. Nh4 Bc1 24. Qc2 Bg5 25. c5 Bxh4 26. gxh4 g6 27. Qd2
Ng7 28. Qh6 Re8 29. Rf7 Qg8 30. Bc4 Nf5 31. Qc1 Rd8 32. Rxf6 Qe8 33. Re6 Qf8
34. Rxe5 Nxh4 35. Re4 Qf6 36. h3 Nf3+ 37. Kg2 Nd2 38. Re3 Qg5+ 39. Rg3 Qxc5 40.
Qc3+ Qd4 41. Qxd4+ Rxd4 42. Rd3 Rxd3 43. Bxd3 a4 44. bxa4 c5 45. f3 c4 46. Bc2
Kg7 47. Kf2 Kf6 48. Ke3 c3 49. f4 Nc4+ 50. Kd4 Na3 51. Kxc3 Nxc2 52. Kxc2 Kf5
53. Kd3 Kxf4 54. Kc4 g5 55. a5 h5 56. Kc5 g4 57. hxg4 hxg4 58. Kb6 g3 59. Kxb7
g2 60. a6 g1=Q 61. a7 Qg7+ 62. Kb8 Qf8+ 63. Kb7 Qe7+ 64. Kb8 Qd8+ 65. Kb7 Qd7+
66. Kb8 Qb5+ 67. Kc7 Qa6 68. Kb8 Qb6+ 69. Ka8 Ke5 70. a4 Kd6 71. a5 Qxa5 72.
Kb7 Qc7+ 0-1

[Event "BL 8182 Porz-Erlangen"]
[Site "?"]
[Date "1982.??.??"]
[Round "?.2"]
[White "Schmidt, B."]
[Black "Heidrich, M."]
[Result "0-1"]
[WhiteElo "2360"]
[BlackElo "2225"]
[PlyCount "140"]
[EventDate "1982.??.??"]

1. d4 d6 2. c4 e5 3. Nf3 e4 4. Nfd2 f5 5. e3 Nf6 6. Nc3 Be7 7. f3 exf3 8. Qxf3
O-O 9. Bd3 c6 10. O-O g6 11. e4 fxe4 12. Ndxe4 Nxe4 13. Qxe4 Bf5 14. Qe2 Bxd3
15. Rxf8+ Bxf8 16. Qxd3 Nd7 17. Ne4 Qb6 18. c5 dxc5 19. dxc5 Bxc5+ 20. Kh1 Qb5
21. Qxb5 cxb5 22. Nxc5 Nxc5 23. Be3 b6 24. h3 Re8 25. Bh6 Nd3 26. b3 Re1+ 27.
Rxe1 Nxe1 28. Kg1 Nd3 29. Bd2 Kf7 30. Kf1 Ke6 31. Ke2 Nc5 32. Bf4 Kd5 33. Bb8
Nd7 34. Bc7 Kd4 35. Kd2 Nf6 36. Bb8 a6 37. Bf4 Nd5 38. Bh2 Ke4 39. Bg1 h5 40.
a3 g5 41. Ke2 a5 42. Kd2 a4 43. Kc2 axb3+ 44. Kxb3 Kd3 45. Bf2 Ke2 46. Bd4 Kf1
47. g3 Kg2 48. h4 g4 49. Be5 Kf3 50. Bd6 Ke3 51. Bb8 Kf2 52. Be5 Ne7 53. Bc7
Kf3 54. Be5 Nf5 55. Kb4 Nxg3 56. Kxb5 Ne2 57. Kxb6 Nf4 58. a4 g3 59. Bd4 Nd5+
60. Kc5 Ne3 61. Be5 g2 62. Bh2 Kf2 63. a5 Ng4 64. a6 Nxh2 65. a7 g1=Q 66. a8=Q
Kg3+ 67. Kb5 Kxh4 68. Qe4+ Qg4 69. Qe1+ Kh3 70. Qf2 Nf3 0-1

[Event "BL 8182 Porz-Erlangen"]
[Site "?"]
[Date "1982.??.??"]
[Round "?.3"]
[White "Roeder, F."]
[Black "Ostermeyer, P."]
[Result "0-1"]
[WhiteElo "2275"]
[BlackElo "2415"]
[PlyCount "84"]
[EventDate "1982.??.??"]

1. e4 c5 2. d4 cxd4 3. c3 Nf6 4. e5 Nd5 5. Qxd4 e6 6. Bd3 Nc6 7. Qe4 d6 8. Nf3
dxe5 9. Nxe5 Qc7 10. Nxc6 bxc6 11. O-O Bd6 12. Qh4 f5 13. Nd2 Nf4 14. Bc4 O-O
15. Nf3 Nd5 16. Re1 h6 17. Bb3 a5 18. Bd2 Bd7 19. c4 Nf6 20. c5 Bxc5 21. Rac1
Qa7 22. Ne5 Ne4 23. Be3 Bxe3 24. Rxe3 Qd4 25. Nxd7 Qxd7 26. Rd1 Qf7 27. Bc4 Kh8
28. Red3 Ra7 29. f3 Nc5 30. Rd6 Rd7 31. Qd4 Rfd8 32. Qxc5 Qe7 33. Qa7 Rxa7 34.
Rxd8+ Kh7 35. R1d6 Qh4 36. g4 fxg4 37. Bxe6 Qe1+ 38. Kg2 Qe2+ 39. Kg1 Qe3+ 40.
Kf1 Qxf3+ 41. Kg1 g6 42. Re8 g3 0-1

[Event "BL 8182 Porz-Erlangen"]
[Site "?"]
[Date "1982.??.??"]
[Round "?.4"]
[White "Gerusel, M."]
[Black "Stoll, J."]
[Result "1-0"]
[WhiteElo "2380"]
[BlackElo "2225"]
[PlyCount "93"]
[EventDate "1982.??.??"]

1. g3 d5 2. Bg2 c5 3. c4 Nf6 4. cxd5 Nxd5 5. Nc3 Nc7 6. f4 g6 7. b3 Bg7 8. Bb2
O-O 9. Rc1 Nba6 10. Nf3 Ne6 11. O-O Rb8 12. e3 b6 13. a3 Bb7 14. Qc2 b5 15. Nd1
Bxb2 16. Nxb2 Qa5 17. Ra1 Qb6 18. Rf2 Ng7 19. Bf1 Rbc8 20. Nd3 Rfd8 21. Nde1
Nb8 22. Rc1 a6 23. Bh3 Rc7 24. Ne5 f6 25. N5f3 Bc8 26. Bf1 Ne8 27. e4 Nd7 28.
Ng2 Nf8 29. Ne3 Be6 30. Re1 Qa5 31. Qb2 Nd6 32. d3 Ne8 33. b4 Qb6 34. bxc5 Qxc5
35. Rc2 Qa7 36. Rxc7 Qxc7 37. d4 Rc8 38. d5 Bd7 39. e5 Qc3 40. Qb4 Qxb4 41.
axb4 Rc3 42. Nd4 Nc7 43. e6 Bc8 44. Bg2 Kg7 45. Nc6 Bb7 46. Nxe7 h5 47. f5 {
.../50/} 1-0